00817nam a2200253 4500003000400000005001700004008004100021020001500062040001800077050002000095245009600115264003600211300002500247336002200272337002400294338002400318500004500342610004000387650005600427700002400483710002800507942001100535999001700546OSt20260601193524.0260422b1978 xxua|||| |||| 00| 0 eng d a0823073556 aICIbspacICI aNK1535.P39bL58 0aLiving by design /cThe partners of pentagram, theo crosby... y otros.! ; editor Peter gorb bLund humphries,c1978aLondon : a300 páginasc21cm. atexto2rdacontent asin medio2rdamedia avolumen2rdacarrier aBibliografía Tesis UIA DI M Alvarez F aPentagram Design Partnership935478 0aDiseñoxHistoriaySiglo XXzGran Bretaña935479 aCrosby, Theo935480 aPentagram Design935481 2lcccB c21115d21115